[Event "Year 2016"]
[Site "SchemingMind.com"]
[Date "2016.03.04"]
[Round "-"]
[White "kenneth m day"]
[Black "klapa"]
[Result "1-0"]
[WhiteCountry "USA"]
[BlackCountry "POL"]
[WhiteElo "1705"]
[WhiteRD "53"]
[BlackElo "1354"]
[BlackRD "79"]
[GameID "396293"]

1. e4 e6 2. d4 d5 3. Nd2 Nc6 4. c3 e5 5. Ngf3 Bd6 6. exd5 Nce7 7. dxe5 Bc5 8. Ne4 b6 9. c4 Bf5 10. Bd3 Qd7
11. O-O Bxe4 12. Bxe4 c6 13. dxc6 Qxd1 14. Rxd1 Rc8 15. Bg5 a5 16. Rac1 h6 17. Bh4 g5 18. Bg3 f6 19. exf6 Nxf6 20. Be5 Rf8
21. c7 Nxe4 22. h3 Nxf2 23. Rd8+ Rxd8 24. cxd8=Q+ Kxd8 25. Kh2 Nd3 26. Rd1 Ke8 27. Rxd3 Nc6 28. Bc3 Rf4 29. b3 Re4 30. Rd5 g4
31. hxg4 Rxg4 32. Rh5 Bb4 33. Bg7 Rxg7 34. Rxh6 Nd8 35. Rxb6 Rh7+ 36. Kg3 Nb7 37. Ng5 Be1+ 38. Kg4 Rg7 39. Kf5 Bd2 40. Ne4 Bb4
41. g3 Bc5 42. Rc6 Be3 43. g4 Rf7+ 44. Nf6+ Kf8 45. Rc8+ Kg7 46. Rg8+ Kh6 47. Rg6#
1-0

[Event "Year 2016"]
[Site "SchemingMind.com"]
[Date "2016.03.04"]
[Round "-"]
[White "Black Knight"]
[Black "klapa"]
[Result "1/2-1/2"]
[WhiteCountry "USA"]
[BlackCountry "POL"]
[WhiteElo "1431"]
[WhiteRD "67"]
[BlackElo "1317"]
[BlackRD "77"]
[GameID "396294"]

1. e4 e5 2. Nf3 Nc6 3. Bc4 Bc5 4. Nc3 Nf6 5. d3 O-O 6. O-O d6 7. Nd5 Nd4 8. Be3 Bg4 9. Bxd4 Bxd4 10. c3 Bb6
11. h3 Bxf3 12. Qxf3 Nxd5 13. Bxd5 c6 14. Bb3 a5 15. a4 Rc8 16. Bc2 d5 17. Rfd1 d4 18. Bb3 c5 19. Bd5 Rc7 20. c4 Rd7
21. Qf5 Ba7 22. Qxe5 Bb8 23. Qf5 b6 24. Bc6 Rd6 25. Bb5 Rf6 26. Qg4 Rf4 27. Qe2 Be5 28. g3 Qg5 29. Kh2 Rf6 30. Qd2 Qxd2
31. Rxd2 Rd8 32. f4 Bc7 33. e5 Rf5 34. Rf1 Rh5 35. h4 g6 36. Kh3 h6 37. g4 Rxe5 38. fxe5 Bxe5 39. Re2 f6 40. g5 fxg5
41. hxg5 h5 42. Rxe5 Rc8 43. Rfe1 h4 44. Re8+ Rxe8 45. Rxe8+ Kh7 46. Re7+ Kh8 47. Kxh4 Kg8 48. Kg4 Kf8 49. Re8+ Kf7 50. Rb8 Ke6
51. Rxb6+ Ke5 52. Rxg6
1/2-1/2

[Event "Year 2016"]
[Site "SchemingMind.com"]
[Date "2016.03.04"]
[Round "-"]
[White "Phillip Beckett"]
[Black "klapa"]
[Result "1-0"]
[WhiteCountry "ENG"]
[BlackCountry "POL"]
[WhiteElo "1556"]
[WhiteRD "49"]
[BlackElo "1310"]
[BlackRD "74"]
[GameID "396295"]

1. e4 e6 2. d4 d5 3. Nd2 Nc6 4. exd5 exd5 5. c3 Nf6 6. Ngf3 Bd6 7. Bd3 O-O 8. O-O Ng4 9. h3 Nf6 10. Re1 a6
11. Nf1 b5 12. Ne3 Ne7 13. Qc2 c6 14. Nf5 Bxf5 15. Bxf5 Nxf5 16. Bg5 Be7 17. Qxf5 a5 18. Ne5 b4 19. Nxc6 Qd6 20. Nxe7+ Kh8
21. Bxf6 Qxf6 22. Qxf6 gxf6 23. Nf5 Rab8 24. Re7 a4 25. Rae1 b3 26. a3 h5 27. Ra7 Kh7 28. Ree7 Kg6 29. Nd6 Rb6 30. Nxf7 h4
31. Rad7 f5 32. Ne5+ Kg5 33. Nf3+ Kf6 34. Nxh4 Re6 35. Rxe6+ Kxe6 36. Ra7 f4 37. Ra6+ Kd7 38. Rxa4 Re8 39. Nf3 Re2 40. Rb4 Rxb2
41. a4 Ra2 42. Rxb3 Rxa4 43. Ne5+ Kd6 44. Rb4 Ra1+ 45. Kh2 Rc1 46. c4 dxc4 47. Rxc4 Rxc4 48. Nxc4+ Kd5 49. Nd2 Kxd4 50. g4 Ke5
51. Kg2 Kf6 52. Kf3 Ke5 53. h4 Kf6 54. Kxf4 Kg6 55. Ke5 Kg7 56. f4
1-0

[Event "Year 2016"]
[Site "SchemingMind.com"]
[Date "2016.03.03"]
[Round "-"]
[White "klapa"]
[Black "Scooter"]
[Result "1-0"]
[WhiteCountry "POL"]
[BlackCountry "USA"]
[WhiteElo "1356"]
[WhiteRD "74"]
[BlackElo "1710"]
[BlackRD "48"]
[GameID "396296"]

1. e4 c6 2. d4 d5 3. e5 Bf5 4. Nf3 e6 5. Bd3 Bxd3 6. Qxd3 Nd7 7. O-O c5 8. Nc3 cxd4 9. Nxd4 Nxe5 10. Qd1 Bb4
11. Bf4 Bxc3 12. bxc3 Ng6 13. Ne2 N8e7 14. Qd4 O-O 15. Ng3 Rc8 16. Bd2 Nc6 17. Qe3 b6 18. c4 dxc4 19. Bc3 Qc7 20. Nh5 e5
21. Rae1 f6 22. a3 b5 23. Rb1 a6 24. Bb4 Rfd8 25. Ra1 Nxb4 26. axb4 Qd6 27. c3 Rd7 28. Ng3 Nf4 29. Qf3 Qc6 30. Ne4 Rd3
31. Qg4 Qxe4 32. Qxc8+ Kf7 33. f3 Qe3+ 34. Kh1 Qe2 35. Qb7+ Kg6 36. Rg1 Rxc3 37. Qxa6 Nd3 38. h3 Qd2 39. Qxb5 Qf4 40. Ra2 Qg3
41. Qb6 Rb3 42. b5 c3 43. Qc6 Rb2 44. Rxb2 cxb2 45. Qe4+ Kf7 46. Qxd3 Qf2 47. Qb3+ Kf8 48. b6
1-0

[Event "Year 2016"]
[Site "SchemingMind.com"]
[Date "2016.03.03"]
[Round "-"]
[White "klapa"]
[Black "Simon Green"]
[Result "0-1"]
[WhiteCountry "POL"]
[BlackCountry "ENG"]
[WhiteElo "1356"]
[WhiteRD "74"]
[BlackElo "1617"]
[BlackRD "56"]
[GameID "396297"]

1. e4 e6 2. e5 d5 3. d4 c5 4. Nf3 Nc6 5. Ng5 Be7 6. Nxf7 Kxf7 7. Be3 cxd4 8. Bxd4 Nxd4 9. Qxd4 Bg5 10. f4 Bh4+
11. g3 Be7 12. h4 Nh6 13. Nd2 Nf5 14. Qd3 Qb6 15. Rb1 Bc5 16. Rh2 Be3 17. Be2 Nxg3 18. Rg2 Nf5 19. Bg4 Qd4 20. Bxf5 Qxf4
21. Bg4 Bxd2+ 22. Qxd2 Qxe5+ 23. Re2 Qg3+ 24. Kd1 Qxg4 25. b4 Bd7 26. b5 Qxh4 27. Rb4 Qh5 28. Rf4+ Ke7 29. Kc1 g5 30. Rh2 Qg6
31. Rb4 Rhf8 32. Qd1 Rf6 33. a4 Raf8 34. Rh1 Rf2 35. Rb2 g4 36. a5 R8f4 37. b6 a6 38. c4 Rxc4+ 39. Rc2 Rcxc2+
0-1

[Event "Year 2016"]
[Site "SchemingMind.com"]
[Date "2016.03.03"]
[Round "-"]
[White "klapa"]
[Black "Chessibelle"]
[Result "0-1"]
[WhiteCountry "POL"]
[BlackCountry "ENG"]
[WhiteElo "1317"]
[WhiteRD "77"]
[BlackElo "1195"]
[BlackRD "64"]
[GameID "396298"]

1. b3 e5 2. Bb2 Nc6 3. e4 Nf6 4. Nf3 d6 5. Ng5 Be7 6. Bc4 d5 7. exd5 Nxd5 8. Bxd5 Qxd5 9. Nc3 Qxg2 10. Qf3 Qxg5
11. h4 Qg6 12. d3 Nd4 13. Qd1 Bg4 14. Qd2 Nf3+ 15. Kd1 Nxd2+ 16. Kxd2 Qf5 17. Nd5 Qxf2+ 18. Kc1 Bxh4 19. Nxc7+ Kd7 20. Nxa8 Bg5+
21. Kb1 Rxa8 22. Bxe5 Rc8 23. c4 Bf5 24. Rd1 Qf3 25. Rd2 Qf1+ 26. Kb2 Qf4 27. Bxf4 Bxf4 28. Rf2 g5 29. d4 Ke6 30. Rh1 Rd8
31. d5+ Kf6 32. a4 Re8 33. b4 Kg6 34. b5 Be4 35. Re2 Be5+ 36. Kb3 Bxh1 37. Re1 Bg2 38. a5 f6 39. Ka4 Rc8 40. Kb4 Bd6+
41. Ka4 Rxc4+ 42. Kb3 Bxd5 43. a6 bxa6 44. bxa6 Rb4+ 45. Kc2 h5 46. Kd3 Bg3 47. Re7 h4 48. Rxa7 h3 49. Rd7 Be6 50. Re7 Bf5+
51. Kc3 Bd6 52. a7 Ra4 53. Rb7 Ra3+ 54. Kb2 Bc8 55. Rc7 Bxc7 56. Kxa3 Bb7 57. Kb4 h2 58. Kb5 h1=Q 59. Kc5 Qc1+ 60. Kb5 Qc6+
61. Kb4 g4 62. Ka3 g3 63. Kb2 g2 64. Kb3 g1=Q 65. Ka2 Qc2+ 66. Ka3 Qa1+ 67. Kb4 Qaa4#
0-1

[Event "Year 2016"]
[Site "SchemingMind.com"]
[Date "2016.03.03"]
[Round "-"]
[White "Wojtek26"]
[Black "klapa"]
[Result "1-0"]
[WhiteCountry "POL"]
[BlackCountry "POL"]
[WhiteElo "1578"]
[WhiteRD "50"]
[BlackElo "1344"]
[BlackRD "70"]
[GameID "396299"]

1. d4 d5 2. c4 Nf6 3. e3 e6 4. Nf3 Ne4 5. cxd5 Nxf2 6. Kxf2 exd5 7. Bd3 Bg4 8. Rf1 Bd6 9. Kg1 O-O 10. Nc3 c6
11. Qc2 g6 12. h3 Bxf3 13. Rxf3 Nd7 14. Bd2 Bb8 15. Raf1 Qc7 16. e4 Qd6 17. e5 Qe7 18. Bh6 Re8 19. Rxf7 Qe6 20. Be2 Bc7
21. Bg4 Qxf7 22. Rxf7 Kxf7 23. Qf2+ Ke7 24. Bg5+ Nf6 25. Qxf6#
1-0

[Event "Year 2016"]
[Site "SchemingMind.com"]
[Date "2016.03.11"]
[Round "-"]
[White "emvarela"]
[Black "Transcendent"]
[Result "1-0"]
[WhiteCountry "ARG"]
[BlackCountry "ENG"]
[WhiteElo "1652"]
[WhiteRD "47"]
[BlackElo "1480"]
[BlackRD "57"]
[GameID "396468"]

1. e4 e6 2. d4 d5 3. exd5 exd5 4. Nf3 Bd6 5. Bd3 Ne7 6. O-O O-O 7. Nc3 c6 8. Re1 Bg4 9. h3 Bh5 10. g4 Bg6
11. Ne5
1-0

[Event "Year 2016"]
[Site "SchemingMind.com"]
[Date "2016.03.06"]
[Round "-"]
[White "Transcendent"]
[Black "Black Knight"]
[Result "0-1"]
[WhiteCountry "ENG"]
[BlackCountry "USA"]
[WhiteElo "1506"]
[WhiteRD "53"]
[BlackElo "1438"]
[BlackRD "64"]
[GameID "396469"]

1. d4 g6 2. c4 Bg7 3. g3 d6 4. Bg2 Nf6 5. Nc3 O-O 6. Nf3 c5 7. d5 Bf5 8. O-O Nbd7 9. Re1 Ne4 10. Nxe4 Bxe4
11. Nd2 Bxg2 12. Kxg2 e5 13. e4 Nf6 14. Qc2 a6 15. a4 a5 16. Ra3 Rb8 17. h3 Bh6
0-1

[Event "Year 2016"]
[Site "SchemingMind.com"]
[Date "2016.03.06"]
[Round "-"]
[White "Transcendent"]
[Black "Phillip Beckett"]
[Result "0-1"]
[WhiteCountry "ENG"]
[BlackCountry "ENG"]
[WhiteElo "1506"]
[WhiteRD "53"]
[BlackElo "1556"]
[BlackRD "49"]
[GameID "396470"]

1. e4 e5 2. Nf3 Nc6 3. Bb5 a6 4. Ba4 Nf6 5. O-O Be7 6. Re1 b5 7. Bb3 O-O 8. c3 d5 9. exd5 Nxd5 10. Nxe5 Nxe5
11. Rxe5 Nf6 12. d4 Bd6 13. Re1 Ng4 14. h3 Qh4 15. Qf3 Nxf2 16. Qxf2 Bh2+ 17. Kf1 Bg3 18. Qe3 Bxh3 19. gxh3 Qf6+ 20. Kg2 Bxe1
21. Qxe1 Rae8 22. Qf2 Qg6+ 23. Kh2 Qd6+ 24. Kg1 Re4 25. Nd2 Qg6+ 26. Kh1 Rfe8 27. Nxe4 Qxe4+
0-1

[Event "Year 2016"]
[Site "SchemingMind.com"]
[Date "2016.03.06"]
[Round "-"]
[White "Scooter"]
[Black "Transcendent"]
[Result "1-0"]
[WhiteCountry "USA"]
[BlackCountry "ENG"]
[WhiteElo "1731"]
[WhiteRD "47"]
[BlackElo "1506"]
[BlackRD "53"]
[GameID "396471"]

1. d4 d5 2. Nf3 Nf6 3. Bf4 c5 4. e3 Qb6 5. b3 Nc6 6. Be2 e6 7. O-O Bd7 8. Nbd2 cxd4 9. exd4 Nxd4 10. Nxd4 Qxd4
11. Be3 Qe5 12. Nf3 Qc7 13. c4 dxc4 14. Bxc4 Be7 15. Rc1 Qd8 16. Ne5 O-O 17. Nxd7 Qxd7 18. Qxd7 Nxd7 19. Rfd1 Rfd8 20. Bb5 Nf6
21. Rxd8+ Rxd8 22. Bxa7 g5 23. f3 Ra8 24. Be3 Nd5 25. Bd4 f6 26. a4 h5 27. Bc4 Rc8 28. Re1 Kf7 29. Bc3 Rxc4 30. bxc4
1-0

[Event "Year 2016"]
[Site "SchemingMind.com"]
[Date "2016.03.06"]
[Round "-"]
[White "Chessibelle"]
[Black "Transcendent"]
[Result "1-0"]
[WhiteCountry "ENG"]
[BlackCountry "ENG"]
[WhiteElo "1180"]
[WhiteRD "61"]
[BlackElo "1506"]
[BlackRD "53"]
[GameID "396472"]

1. Nf3 d5 2. d4 Nf6 3. e3 Bf5 4. Nc3 e6 5. Ne5 Bd6 6. Bb5+ c6 7. Be2 O-O 8. Bd2 Nbd7 9. f4 a6 10. g3 Re8
11. a3 c5 12. O-O cxd4 13. exd4 Ne4 14. Bf3 f6 15. Nd3 Rc8 16. Re1 Qc7 17. Nxe4 dxe4 18. Be2 exd3 19. cxd3 b6 20. Bf3 Bxd3
21. Be3 Bg6 22. b4 b5 23. h4 Nb6 24. Qd2 Nc4 25. Qe2 Nxa3 26. Bd2 Qb6 27. Be3 Nc2 28. d5 Nxe3 29. Kh2 Nc2 30. h5
1-0

[Event "Year 2016"]
[Site "SchemingMind.com"]
[Date "2016.03.06"]
[Round "-"]
[White "Transcendent"]
[Black "Wojtek26"]
[Result "1-0"]
[WhiteCountry "ENG"]
[BlackCountry "POL"]
[WhiteElo "1506"]
[WhiteRD "53"]
[BlackElo "1571"]
[BlackRD "49"]
[GameID "396473"]

1. d4 d5 2. c4 e6 3. Nf3 Bb4+ 4. Bd2 Bxd2+ 5. Qxd2 Nf6 6. g3 O-O 7. Bg2 Nbd7 8. O-O dxc4 9. Na3 Nb6 10. Rac1 Ne4
11. Qc2 Nf6 12. Nxc4 Qe7 13. Nce5 Nbd7 14. Rfd1 Nxe5 15. dxe5 Nd7 16. Qxc7 b6 17. Nh4 Ba6 18. Rxd7 Qg5 19. Bxa8 Rxa8 20. Rxf7 Qg4
21. Rd7 h6 22. Qd6 Qxe2 23. Qxe6+ Kh7 24. Qg6+
1-0

[Event "Year 2016"]
[Site "SchemingMind.com"]
[Date "2016.03.06"]
[Round "-"]
[White "Transcendent"]
[Black "kenneth m day"]
[Result "0-1"]
[WhiteCountry "ENG"]
[BlackCountry "USA"]
[WhiteElo "1506"]
[WhiteRD "53"]
[BlackElo "1699"]
[BlackRD "51"]
[GameID "396474"]

1. d4 d5 2. c4 Nc6 3. Nc3 Nf6 4. cxd5 Nxd5 5. e4 Nf6 6. Bb5 Bd7 7. e5 Ng4 8. h3 Nh6 9. Bxh6 gxh6 10. Nf3 Bg7
11. O-O e6 12. Re1 O-O 13. Rc1 a6
0-1

[Event "Year 2016"]
[Site "SchemingMind.com"]
[Date "2016.03.06"]
[Round "-"]
[White "Transcendent"]
[Black "klapa"]
[Result "0-1"]
[WhiteCountry "ENG"]
[BlackCountry "POL"]
[WhiteElo "1480"]
[WhiteRD "57"]
[BlackElo "1317"]
[BlackRD "77"]
[GameID "396475"]

1. d4 d5 2. c4 Nf6 3. cxd5 Qxd5 4. Nc3 Qc4 5. e4 Qc6 6. Bd3 Qb6 7. Nge2 e6 8. O-O Be7 9. Kh1 O-O 10. Qc2 Nc6
11. Be3 Nb4 12. Qd2 Ng4 13. b3 e5 14. d5 Nxe3 15. fxe3 Bg4 16. h3 Bxe2 17. Qxe2 c6 18. Bc4 cxd5 19. exd5 a5 20. Na4 Qg6
21. a3 Na6
0-1

[Event "Year 2016"]
[Site "SchemingMind.com"]
[Date "2016.03.06"]
[Round "-"]
[White "Transcendent"]
[Black "Simon Green"]
[Result "0-1"]
[WhiteCountry "ENG"]
[BlackCountry "ENG"]
[WhiteElo "1506"]
[WhiteRD "53"]
[BlackElo "1621"]
[BlackRD "55"]
[GameID "396476"]

1. d4 e6 2. e4 d5 3. Nc3 Nf6 4. e5 Nfd7 5. f4 c5 6. Nf3 cxd4 7. Nxd4 Nc6 8. Bb5 Bb4 9. Bxc6 Bxc3+ 10. bxc3 bxc6
11. Nxc6 Qc7 12. Nb4 Qxc3+ 13. Bd2 Qc4 14. Qe2 Qxe2+ 15. Kxe2 f5 16. Rab1 O-O 17. Nc6 Ba6+ 18. Kf3 Kf7 19. Rb2 Nc5 20. Rhb1 h6
21. Bb4 Na4 22. Bxf8 Nxb2
0-1

[Event "Year 2016"]
[Site "SchemingMind.com"]
[Date "2016.03.07"]
[Round "-"]
[White "Stephen Woodhouse"]
[Black "Black Knight"]
[Result "1-0"]
[WhiteCountry "ENG"]
[BlackCountry "USA"]
[WhiteElo "1824"]
[WhiteRD "49"]
[BlackElo "1422"]
[BlackRD "62"]
[GameID "396499"]

1. e4 e5 2. Nf3 Nc6 3. d4 Nf6 4. Nxe5 d6 5. Nxc6 bxc6 6. Bd3 c5 7. dxc5 dxc5 8. Bg5 Be7 9. Bb5+ Nd7 10. Bxe7 Qxe7
11. O-O O-O 12. Nc3 Bb7 13. Qxd7 Qxd7 14. Bxd7 Rad8 15. Rad1 Bc8 16. Bxc8 Rxc8 17. Rd7 c6 18. Rfd1 Rfe8 19. Kf1 a6 20. Ra7 Rcd8
21. Rxd8 Rxd8 22. Ke2 h5 23. Rxa6 Rd6 24. Rb6 c4 25. a4 Rd8 26. Rxc6
1-0

[Event "Year 2016"]
[Site "SchemingMind.com"]
[Date "2016.03.06"]
[Round "-"]
[White "Stephen Woodhouse"]
[Black "Phillip Beckett"]
[Result "1-0"]
[WhiteCountry "ENG"]
[BlackCountry "ENG"]
[WhiteElo "1824"]
[WhiteRD "49"]
[BlackElo "1577"]
[BlackRD "47"]
[GameID "396501"]

1. e4 e5 2. Nf3 Nc6 3. d4 exd4 4. Nxd4 Bc5 5. Be3 Qf6 6. c3 Nge7 7. Bc4 Nxd4 8. Bxd4 Bxd4 9. Qxd4 Qxd4 10. cxd4 d6
11. Nc3 Bd7 12. Nd5 Nxd5 13. Bxd5 c6 14. Bb3 Be6 15. Bxe6 fxe6 16. Ke2 d5 17. exd5 exd5 18. Rhe1 Kd7 19. f4 Rhe8+ 20. Kf3 Rxe1
21. Rxe1 Re8 22. Rxe8 Kxe8 23. f5 Ke7 24. Kf4 Kf6 25. g4 Kf7 26. Ke5 Ke7 27. g5 b6 28. h3 a6 29. h4 a5 30. a4 Kd7
31. f6 gxf6+ 32. gxf6 c5 33. dxc5 bxc5 34. Kxd5 c4 35. Ke5
1-0

[Event "Year 2016"]
[Site "SchemingMind.com"]
[Date "2016.03.06"]
[Round "-"]
[White "Scooter"]
[Black "Stephen Woodhouse"]
[Result "1-0"]
[WhiteCountry "USA"]
[BlackCountry "ENG"]
[WhiteElo "1712"]
[WhiteRD "48"]
[BlackElo "1824"]
[BlackRD "49"]
[GameID "396502"]

1. d4 e6 2. Nf3 d5 3. Bf4 Bd6 4. Bxd6 Qxd6 5. c3 Nf6 6. Nbd2 O-O 7. e3 c5 8. Be2 Nc6 9. O-O Bd7 10. Qc2 Rac8
11. e4 dxe4 12. Nxe4 Nxe4 13. Qxe4 cxd4 14. Nxd4 Nxd4 15. cxd4 Bc6 16. Qd3 Rfd8 17. Rfd1 Bd5 18. Bf3 Qb4 19. Bxd5 Rxd5 20. Rd2 Rcd8
21. Rad1 e5 22. Qc3 Qd6 23. g3 Rxd4 24. Rxd4 exd4 25. Qc4 d3 26. Qc3 Kf8 27. a3 Qc6 28. Qxc6 bxc6 29. Rd2 Ke7 30. f3 Ke6
31. Kf2 c5 32. b3 a5 33. Ke3 Ke5 34. f4+ Kf5 35. Rxd3 Re8+ 36. Kd2 Re7 37. Rd5+ Kg4 38. Rxc5 g6 39. Rc2 h5 40. b4 axb4
41. axb4 h4 42. Rc3 h3 43. b5 Rd7+ 44. Rd3 Ra7 45. Ke3 Ra1 46. Rb3 Ra8 47. b6 Re8+ 48. Kd3 Kf3 49. Kc4+ Kg2 50. Rb2+
1-0

[Event "Year 2016"]
[Site "SchemingMind.com"]
[Date "2016.03.06"]
[Round "-"]
[White "Stephen Woodhouse"]
[Black "Transcendent"]
[Result "1-0"]
[WhiteCountry "ENG"]
[BlackCountry "ENG"]
[WhiteElo "1831"]
[WhiteRD "52"]
[BlackElo "1506"]
[BlackRD "53"]
[GameID "396503"]

1. e4 e5 2. Nf3 Nc6 3. d4 exd4 4. Nxd4 Nf6 5. Nc3 Bb4 6. Nxc6 bxc6 7. Bd3 O-O 8. O-O d5 9. exd5 cxd5 10. Bg5 Bxc3
11. bxc3 Qd6 12. Qf3 Nd7 13. Qh5 g6 14. Qh4 Ne5 15. Be7 Qd7 16. Bxf8 Kxf8 17. Qf6 Qe6 18. Qh8+ Ke7 19. Rfe1 Kd6 20. f4
1-0

[Event "Year 2016"]
[Site "SchemingMind.com"]
[Date "2016.03.06"]
[Round "-"]
[White "kenneth m day"]
[Black "Stephen Woodhouse"]
[Result "0-1"]
[WhiteCountry "USA"]
[BlackCountry "ENG"]
[WhiteElo "1716"]
[WhiteRD "52"]
[BlackElo "1849"]
[BlackRD "52"]
[GameID "396504"]

1. e4 e6 2. d4 d5 3. Nd2 c5 4. Ngf3 cxd4 5. Nxd4 Nf6 6. e5 Nfd7 7. N2f3 a6 8. Bd3 Qc7 9. Bf4 Nc6 10. Nxc6 Qxc6
11. O-O Nc5 12. Nd4 Qb6 13. Nb3 Nxd3 14. Qxd3 Bd7 15. Rfe1 Rc8 16. Be3 Qc7 17. Rac1 Bb5 18. Qd4 Be7 19. Qg4 g6 20. Bh6 Qc4
21. Qf3 Qh4 22. Be3 Bg5 23. c3 Bc4 24. Qd1 O-O 25. Bxg5 Qxg5 26. a3 h5 27. Nd4 Kg7 28. Re3 Rh8 29. Rg3 Qxe5 30. Re3 Qf6
31. Rf3 Qe7 32. Qd2 e5 33. Nc2 Rhd8 34. Ne3 d4 35. cxd4 Rxd4 36. Qe1 Be6 37. Rc3 Rxc3 38. bxc3 Rd7 39. h3 e4 40. Rg3 h4
41. Nf5+ Bxf5 42. Re3 Qxa3 43. c4 Rd3 44. Rxd3 exd3 45. Qe5+ Kh7 46. g4 d2 47. Qd5 Qc1+ 48. Kg2 d1=Q 49. Qxf7+ Kh6 50. Qf8+ Kg5
51. Qe7+ Kf4 52. Qc7+ Ke4 53. Qxb7+ Kd3 54. Qd5+ Kc2
0-1

[Event "Year 2016"]
[Site "SchemingMind.com"]
[Date "2016.03.07"]
[Round "-"]
[White "klapa"]
[Black "Stephen Woodhouse"]
[Result "0-1"]
[WhiteCountry "POL"]
[BlackCountry "ENG"]
[WhiteElo "1344"]
[WhiteRD "70"]
[BlackElo "1824"]
[BlackRD "49"]
[GameID "396505"]

1. e4 e6 2. d4 d5 3. e5 c5 4. Nf3 cxd4 5. Qxd4 Nc6 6. Qf4 Qc7 7. Bd3 Nge7 8. O-O Ng6 9. Bxg6 hxg6 10. Nc3 Be7
11. Nd4 Qxe5 12. Nxc6 Qxf4 13. Bxf4 bxc6 14. Be5 Bf6 15. Rae1 Ba6 16. Bxf6 gxf6 17. Ne2 Rb8 18. b3 Rb4 19. c3 Re4 20. a4 Bxe2
21. Rxe2 Rxe2 22. g3 Ke7 23. b4 Rb8 24. Rb1 a5 25. b5 cxb5 26. axb5 a4 27. b6 a3 28. Kf1 Rc2 29. h4 a2 30. Ra1 Rxb6
31. Kg2 Rb1 32. Rxa2 Rxa2
0-1

[Event "Year 2016"]
[Site "SchemingMind.com"]
[Date "2016.03.06"]
[Round "-"]
[White "Simon Green"]
[Black "Stephen Woodhouse"]
[Result "0-1"]
[WhiteCountry "ENG"]
[BlackCountry "ENG"]
[WhiteElo "1616"]
[WhiteRD "56"]
[BlackElo "1824"]
[BlackRD "49"]
[GameID "396506"]

1. d4 e6 2. e3 d5 3. Bd3 c5 4. c3 Nc6 5. f4 Bd6 6. Nf3 Nf6 7. O-O O-O 8. Nbd2 Bd7 9. Qe1 cxd4 10. cxd4 Rc8
11. Ne5 Nb4 12. Qe2 Nxd3 13. Qxd3 a6 14. Ndf3 Bb5 15. Qd1 Bxf1 16. Kxf1 Bxe5 17. fxe5 Ne4 18. Bd2 Nxd2+ 19. Nxd2 Qc7 20. Nb3 Qc2
21. Qxc2 Rxc2 22. Rb1 b6 23. Nc1 Rfc8 24. Nd3 Rd2 25. Nf4 Rcc2 26. Kg1 g5
0-1

[Event "Year 2016"]
[Site "SchemingMind.com"]
[Date "2016.03.06"]
[Round "-"]
[White "Chessibelle"]
[Black "Stephen Woodhouse"]
[Result "0-1"]
[WhiteCountry "ENG"]
[BlackCountry "ENG"]
[WhiteElo "1175"]
[WhiteRD "62"]
[BlackElo "1824"]
[BlackRD "49"]
[GameID "396507"]

1. Nf3 d5 2. d4 Nf6 3. e3 Bg4 4. Nc3 e6 5. Be2 c5 6. O-O Nc6 7. Re1 Bd6 8. g3 O-O 9. Qd3 Rc8 10. Nb5 cxd4
11. exd4 Ne4 12. c3 Bb8 13. Qe3 Qf6 14. Bd1 a6 15. Na3 e5 16. Nc2 Rfe8 17. Nb4 Nxb4 18. cxb4 exd4 19. Qd3 Nd6 20. Bc2 Ne4
21. Re2 Bxf3 22. Re1 g6 23. b5 Nxf2 24. Kxf2 Be4+ 25. Kg1 Bxd3 26. Bxd3 Rxe1+ 27. Kg2 Rcxc1
0-1

[Event "Year 2016"]
[Site "SchemingMind.com"]
[Date "2016.03.06"]
[Round "-"]
[White "Stephen Woodhouse"]
[Black "Wojtek26"]
[Result "1-0"]
[WhiteCountry "ENG"]
[BlackCountry "POL"]
[WhiteElo "1824"]
[WhiteRD "49"]
[BlackElo "1578"]
[BlackRD "50"]
[GameID "396508"]

1. e4 e5 2. Nf3 Nc6 3. d4 exd4 4. Nxd4 Nxd4 5. Qxd4 d6 6. Nc3 Nf6 7. Bg5 Be7 8. Bc4 O-O 9. O-O-O h6 10. Bh4 Be6
11. Bxe6 fxe6 12. e5 dxe5 13. Qxe5 Qc8 14. f3 Bd6 15. Qd4 Be7 16. Ne4 Rd8 17. Nxf6+ Bxf6 18. Qg4 Rxd1+ 19. Rxd1 Bxh4 20. Qxh4 Qe8
21. Qd4 b6 22. Qd7 Qxd7 23. Rxd7 c5 24. Re7 Kf8 25. Rxe6 Re8 26. Rxe8+ Kxe8 27. Kd2 Ke7 28. Ke3 Ke6 29. Ke4 b5 30. f4 a5
31. g4 a4 32. f5+ Kd6 33. h4 b4 34. g5 hxg5 35. hxg5 c4 36. b3 axb3 37. axb3 cxb3 38. cxb3 Ke7 39. Kd5
1-0

[Event "Year 2016"]
[Site "SchemingMind.com"]
[Date "2016.03.08"]
[Round "-"]
[White "Black Knight"]
[Black "Abstract Actuary"]
[Result "0-1"]
[WhiteCountry "USA"]
[BlackCountry "USA"]
[WhiteElo "1414"]
[WhiteRD "64"]
[BlackElo "1877"]
[BlackRD "73"]
[GameID "396568"]

1. e4 c5 2. Nf3 Nc6 3. Bb5 a6 4. Bxc6 bxc6 5. Nc3 d5 6. d4 Bg4 7. dxc5 e6 8. O-O Bxc5 9. Re1 Ne7 10. h3 Bh5
11. Bg5 f6 12. Be3 Bxf3 13. Qxf3 d4 14. Bxd4 Bxd4 15. Rad1 e5 16. Ne2 Qb6 17. Nxd4 exd4 18. Qb3 Qxb3 19. axb3 O-O-O 20. c3 c5
21. cxd4 Rxd4 22. Rc1 c4 23. bxc4 Nc6 24. Ra1 Kb7 25. b3 Rhd8 26. Kf1 Rd2 27. Re2 Rd1+ 28. Rxd1 Rxd1+ 29. Re1 Rxe1+ 30. Kxe1 Na5
31. Kd2 Nxb3+ 32. Kc3 Nc5 33. f3 a5 34. Kb2 Kc6 35. Ka3 Kd6 36. g4 Ke5 37. Kb2 Kd4 38. Ka2 Kxc4 39. f4 Kd4 40. e5 fxe5
41. fxe5 Kxe5 42. Ka3 Kf4
0-1

[Event "Year 2016"]
[Site "SchemingMind.com"]
[Date "2016.03.08"]
[Round "-"]
[White "Abstract Actuary"]
[Black "emvarela"]
[Result "1-0"]
[WhiteCountry "USA"]
[BlackCountry "ARG"]
[WhiteElo "1913"]
[WhiteRD "75"]
[BlackElo "1652"]
[BlackRD "47"]
[GameID "396569"]

1. e4 e5 2. Nf3 Nc6 3. c3 Nf6 4. d4 exd4 5. e5 Qe7 6. cxd4 d6 7. Bb5 a6 8. Bxc6+ bxc6 9. O-O dxe5 10. Nxe5 Qd6
11. Bf4 Be6 12. Ng6 Qd7 13. Nxh8 Rb8 14. b3 Bd6 15. Bxd6 cxd6 16. Re1 Ke7 17. Nxf7 Kxf7 18. Nc3 d5 19. Na4 Qd6 20. Nc5 Bc8
21. Qd3 a5 22. h3 g6 23. Re3 Bf5 24. Qd2 Ne4 25. Qc1 Nxc5 26. Qxc5 Qxc5 27. dxc5 d4 28. Re2 Rd8 29. Rd1 d3 30. Re3 Rd5
31. g4 Be6 32. Rexd3 Rxc5 33. Rf3+ Ke7 34. Re1 Kd6 35. Rd3+ Rd5 36. Rxd5+ cxd5 37. f4 h5 38. gxh5 gxh5 39. Kg2 d4 40. h4 d3
41. Rd1 Bf5 42. Kf2 Kc5 43. Ke3
1-0

[Event "Year 2016"]
[Site "SchemingMind.com"]
[Date "2016.03.07"]
[Round "-"]
[White "Abstract Actuary"]
[Black "Phillip Beckett"]
[Result "1-0"]
[WhiteCountry "USA"]
[BlackCountry "ENG"]
[WhiteElo "1838"]
[WhiteRD "74"]
[BlackElo "1577"]
[BlackRD "47"]
[GameID "396570"]

1. e4 e5 2. f4 Qh4+ 3. g3 Qe7 4. fxe5 d6 5. Bg2 Qxe5 6. d4 Qe7 7. c4 Nf6 8. Nc3 Nc6 9. Bg5 h6 10. Nd5 Qd8
11. Bxf6 gxf6 12. Qd3 Be7 13. O-O-O Be6 14. Ne2 Qd7 15. Nef4 Bxd5 16. Nxd5 O-O-O 17. Rhf1 h5 18. Nxf6 Bxf6 19. Rxf6 Qe7 20. Rdf1 Rhf8
21. Bh3+ Kb8 22. b3 Rde8 23. R1f4 Nd8 24. Qf3 b6 25. Qxh5 Ne6 26. Bxe6 fxe6 27. Rxf8 Rxf8 28. Rxf8+ Qxf8 29. Qe2 Qh6+ 30. Kc2 Qf6
31. Kd3 Qg5 32. Qe3 Qh5 33. Qe2 Qh6 34. Kc2 Qf6 35. e5 Qf5+ 36. Kb2 dxe5 37. dxe5 Qf8 38. h4 Qc5 39. g4 Qd4+ 40. Kc2 Qa1
41. Kd3 Qb1+ 42. Ke3 Qc1+ 43. Kf3 Qh1+ 44. Kg3 Qg1+ 45. Kf4 Qd4+ 46. Kf3 Qc3+ 47. Qe3 Qa1 48. h5 Qh1+ 49. Kg3 Qc6 50. g5 Qe8
51. g6 Qf8 52. h6 Qf5 53. g7 Qg6+ 54. Kh4 Qf5 55. g8=Q+
1-0

[Event "Year 2016"]
[Site "SchemingMind.com"]
[Date "2016.03.07"]
[Round "-"]
[White "Scooter"]
[Black "Abstract Actuary"]
[Result "0-1"]
[WhiteCountry "USA"]
[BlackCountry "USA"]
[WhiteElo "1712"]
[WhiteRD "48"]
[BlackElo "1838"]
[BlackRD "74"]
[GameID "396571"]

1. d4 Nf6 2. Nf3 e6 3. Bg5 h6 4. Bxf6 Qxf6 5. e3 c5 6. c3 Nc6 7. Be2 d5 8. O-O Bd6 9. Nbd2 c4 10. Qc2 b5
11. e4 Qg6 12. e5 Qxc2
0-1